000 00891nam a22002777a 4500
001 BR9402118
003 BR-BrBNA
005 20230928093953.0
007 ta
008 230509b bl.||||| |||| 00| 0 por d
040 _aBR-BrBNA
_bpor
_cBiblioteca Nacional de Agricultura
041 _a(Por)
072 _aL53
_b5213
090 _ 5213 BR9402118
100 1 _aMolina, L.R.
110 1 _aUniversidade Federal de Minas Gerais, Belo Horizonte (Brasil). Escola de Veterinaria
_0Tese (Mestrado)
245 1 _aAvaliacao do metodo "one step" na criopreservacao de embrioes bovinos da raca Nelore
260 3 _aBelo Horizonte, MG (Brasil):
_c1992.
300 _a56 p.
500 _aBibliography p. 37-53 (111 ref.); Summary (Por)
650 _aGado Nelore
650 _aTransferencia de Embriao
650 _aReproducao Animal
909 _a202309
_bLucia
_c55
_dLucia Elande
942 _cBK
999 _c48200
_d48200